000 01262cam a22003857a 4500
003 CHAP
005 20220817041613.0
008 971013s r 00010 d
010 _a19438
011 _a20410
035 _a24498
040 _cCHAP
090 _aD-28
110 2 _aThe American Phytophatological Society. St. Paul, Minn.
_9112621
245 1 0 _aTrue and dwarf mistletoes (Diapositiva)
260 _aIthaca :
_bCornell University,
_c(s.a.)
300 _a7 diapositivas col. 2 x 2 plg.
490 0 _aPlant disease profiles ser. 2
_v; 17
500 _aNota explicativa 4 p.
500 _aTambien en CD 4 3/4 plgs.
590 _aBATCH-UPD
_b10
_c20130110
_lUCH01
_h0004
590 _aBATCH-UPD
_b10
_c20130110
_lUCH01
_h1755
590 _aBATCH-UPD
_b10
_c20130410
_lUCH01
_h1132
590 _aBATCH-UPD
_b10
_c20130914
_lUCH01
_h1034
590 _aCONVERSION
_b10
_c20130109
_lUCH01
_h1312
650 1 4 _aArceuthobium.
_96786
650 1 4 _aConíferas
_xPlagas.
_927244
650 1 4 _aMuérdago.
_979527
650 1 4 _aPlantas parásitos.
_989081
830 0 _aPlant disease profiles ser. 2
_v; 17
901 _aBK
942 _cCD
949 _aD-28
_bBC
_cD
_d-56417
_eD
_h58785
_i24498
_si
949 _aD-28
_bBC
_cD
_d33724002004058
_eCD
_h223
_i24498
_sb
999 _c19438
_d19438